Normal view
MARC view
- RIDA ZAFAR
Entry Personal Name
001 - CONTROL NUMBER
- control field: 71639
003 - CONTROL NUMBER IDENTIFIER
- control field: NUST
005 - DATE AND TIME OF LATEST TRANSACTION
- control field: 20210628204647.0
008 - FIXED-LENGTH DATA ELEMENTS
- fixed length control field: 210628|| aca||aabn | a|a d
040 ## - CATALOGING SOURCE
- Original cataloging agency: NUST
- Transcribing agency: NUST
100 ## - HEADING--PERSONAL NAME
- Personal name: RIDA ZAFAR
670 ## - SOURCE DATA FOUND
- Source citation: Work cat.: (NUST): RIDA ZAFAR, PR-SOF-1479-FPGA based Custom GPU Design, 2015
